| 000 | 00710cab a2200217 4500 | ||
|---|---|---|---|
| 001 | X83495 | ||
| 008 | 090401t1997 xxu||||| |||| 00| 0 eng d | ||
| 035 | _a(Sirsi) u77877 | ||
| 041 | _aeng | ||
| 245 | _aWokingham DC and Emerton | ||
| 260 | _c1997 | ||
| 350 | _a0 | ||
| 490 |
_aPlanning Appeal Decisions _v[1997] 12 PAD 134-137(4) |
||
| 520 | _aProposal to connect garden by a footbridge over Heron`s creek - Green Belt - Inspector considered Council had a sound planning case to defer the application - appeal dismissed. | ||
| 650 | _aFOOTBRIDGE | ||
| 650 | _aGREEN BELT | ||
| 650 | _aWOKINGHAM DC AND EMERTON | ||
| 690 | _aPLANNING LAW AND PRACTICE-CASE LAW | ||
| 942 | _n0 | ||
| 948 | _c22/04/1997 | ||
| 999 |
_c48964 _d48964 |
||